| 000 | 01164nam a2200265 a 4500 | ||
|---|---|---|---|
| 999 |
_c325872 _d325872 |
||
| 003 | BLK | ||
| 005 | 20240610141411.0 | ||
| 008 | 181105b bu ||||| |||| 00| 0 bu d | ||
| 020 | _a9786199085424 | ||
| 040 | _aBLK | ||
| 041 |
_aBUL _cBUL |
||
| 080 |
_aБългарска литература _b821.163.2 _x-312.9 _z821.163.2-312.9 |
||
| 100 |
_aДобрев, Богомил Николаев _d1994 - _gАвтор на фентъзи. Преводач от/на английски език _9350095 |
||
| 139 |
_aДобрев, Богомил Николаев _bД 66 |
||
| 245 |
_aИндор и Сянката на Страданието _cБ. Н. Добрев, ил. Добромир Томов. |
||
| 250 | _aКн. 2 | ||
| 260 |
_9390449 _aСофия _bАкцент 96 _c2017 |
||
| 300 |
_a440 с. _bс ил. _c21 см |
||
| 380 | _aX | ||
| 500 | _aБиогр. данни за авт. и ил. отбелязани на с. 439. - Кн. 2 от поредицата "Индор: Магия от боговете" | ||
| 700 |
_9599 _aТомов, Добромир Томов _eил. |
||
| 852 |
_aЦб 291273 _bЦб |
||
| 942 |
_cKNG _n0 _s1 _04 |
||
| 999 | _d325872 | ||
| 944 |
_k30560 _lГеновева Генчева |
||